00822nam a2200253 a 4500001001000000003000900010005001700019007000300036008004100039040002500080082001400105100003800119245004600157260005600203300002000259505000600279590002800285651004200313651006700355910000700422942001400429952010800443999001700551000018878DO-SdBNP20240301140905.0ta100520s1900 dr 001 0 spa d aDO-SdBNPbspacBNPHU axxxbA1881 aVega B., Wenceslao,d1932-93867014aActa de declaración de la Independencia aLima, Perú :bConsejo Provincial de Lima,c1900?. a82 p. ;c26 cm. t- aInventariado, 2022 / DG 4aRepública DominicanaxHistoria9170 4aRepública DominicanaxRelaciones ExterioresxTratados911787 aDG 2ddccLBS1 00102ddc51708PDaBNPHUbBNPHUcCTd2022-10-19l0oxxx A188p2022-4399r2022-10-19w2022-10-19yLBS1 c52577d52577